Minecraft Hypixel Skyblock Mobs - Statistics

General Stats
  • This quiz has been taken 472 times
    469 since last reset
  • The average score is 44 of 135
Answer Stats
Answer % Correct
Hub Mobs | Private Island Mobs Zombie
98%
Enderman
93%
Skeleton
91%
Spider
88%
Farming Island Mobs Cow
82%
Pig
80%
Witch
80%
Wolf
79%
Creeper
76%
Chicken
75%
Sheep
75%
Lapis Zombie
68%
Rabbit
67%
Old Wolf
64%
Emerald Slime
63%
Zealot
63%
Blaze
62%
Crypt Ghoul
62%
Zombie Villager
62%
Redstone Pigman
61%
Goblin
58%
Deep Cavern Mobs Sneaky Creeper
57%
Magma Cube
56%
Golden Ghoul
54%
Miner Zombie
53%
Endermite
50%
Ghost
50%
Slayer Boss Revenant Horror
50%
Miner Skeleton
49%
Wither Skeleton
46%
Watcher
45%
Ender Dragon
43%
Spider Den Mobs Arachne
42%
Mooshroom
42%
Sven Packmaster
42%
Obsidian Defender
40%
Voidgloom Seraph
39%
Ghast
37%
Pigman
36%
Bal
35%
Brood Mother
35%
Rain Slime
35%
Splitter Spider
35%
Tarantula Broodfather
34%
Dwarven Mines Mobs Ice Walker
33%
Sludge
32%
Dasher Spider
31%
Silverfish
31%
Crystal Hollows Mobs Automaton
30%
Star Sentry
29%
Endstone Protector
28%
Yog
28%
Gravel Skeleton
27%
Spider Jockey
27%
Sea Creature Mobs Squid
27%
Powder Ghast
26%
Soul Of The Alpha
26%
Treasure Hoarder
26%
The Sea Emperor
25%
Weaver Spider
25%
Cave Spider
23%
Thyst
23%
Sea Walker
22%
Voidling Extremist
22%
Voidling Fanatic
22%
Voracious Spider
22%
Water Hydra
21%
Worm
21%
Butterfly
19%
Pack Spirit
19%
Scatha
19%
The Park Mobs Howling Spirit
18%
Sea Witch
18%
Catfish
17%
Scary Jerry
17%
Sea Guardian
17%
Spooky Festival Mobs Trick Or Treater
17%
Arachne Keeper
16%
Night Squid
16%
Rat
16%
Sea Archer
15%
Deep Sea Protector
14%
Magma Cube Boss
14%
Sea Leech
14%
Team Treasurite
14%
Key Guardian
12%
Guardian Defender
11%
Kalhuiki Tribe
11%
Sven Alpha
11%
Carrot King
10%
Crazy Witch
10%
Flaming Worm
10%
Sven Follower
10%
Water Worm
10%
Wraith
9%
Zombie Miner
9%
Atoned Champion
8%
Jockey Skeleton
8%
Phantom Spirit
8%
Wither Gourd
8%
Atoned Revenant
7%
Fish
7%
Lava Blaze
7%
Mutant Tarantula
7%
Slayer Mobs Revenant Sycophant
7%
Deformed Revenant
6%
Fire bat
6%
Lava Pigman
6%
Tarantula Beast
6%
Voidling Devotee
6%
Liquid Hot Magma
5%
Poisoned Water Worm
5%
Voidling Radical
5%
Pack Enforcer
4%
Tarantula Vermin
4%
Voidling Maniac
4%
Monster Of The Deep
3%
Salmon
3%
Arachne Blood
2%
Brood Mother Cave Spider
2%
Splitter Spider Silverfish
2%
Superprotecton
2%
Jockey Shot Silverfish
1%
Revenant Camphion
1%
No matching quizzes found
Score Distribution
Percent of People with Each Score
Percentile by Number Answered
Your Score History
You have not taken this quiz since the last reset